| 000 | 00470nam a2200181Ia 4500 | ||
|---|---|---|---|
| 008 | 180207s9999 xx 000 0 und d | ||
| 020 | _a9780395779224 | ||
| 050 | _bH315 1988 | ||
| 100 | _aHarris, Nicholas | ||
| 245 | _aOwlbert / | ||
| 245 | _cby Nicholas Harris ; illustrated by Karl Josef Horvat. | ||
| 260 | _aBoston : | ||
| 260 | _bHoughton Mifflin Company, | ||
| 260 | _c1988 | ||
| 300 | _a32 pages : | ||
| 300 | _bcolor illustration ; | ||
| 300 | _c27cm. | ||
| 999 |
_c355491 _d355491 |
||